Николай Никитович Пузырев (Запись № 1554567)

Подробности
000 -МАРКЕР
контрольное поле 02356nam0a2200457 4500
001 - ИДЕНТИФИКАТОР ЗАПИСИ
контрольное поле RU\NLR\bibl\1464506
005 - ИДЕНТИФИКАТОР ВЕРСИИ
контрольное поле 20260407175339.0
010 ## - МЕЖДУНАРОДНЫЙ СТАНДАРТНЫЙ НОМЕР КНИГИ (ISBN)
Номер (ISBN) 978-5-98901-058-5
Тираж 400
021 ## - НОМЕР ГОСУДАРСТВЕННОЙ РЕГИСТРАЦИИ
Код страны Российская Федерация
Номер 2009-95546
Номер Листа государственной регистраци 6064
035 ## - ДРУГИЕ СИСТЕМНЫЕ НОМЕРА
Идентификатор записи (nilc)RSL-KNO-004418283
035 ## - ДРУГИЕ СИСТЕМНЫЕ НОМЕРА
Идентификатор записи RU\NSKC\63011034\CAT\599713
035 ## - ДРУГИЕ СИСТЕМНЫЕ НОМЕРА
Идентификатор записи LIBNET\0000052166
035 ## - ДРУГИЕ СИСТЕМНЫЕ НОМЕРА
Идентификатор записи (NLR Aleph) 001456249
100 ## - ДАННЫЕ ОБЩЕЙ ОБРАБОТКИ
Данные общей обработки 20091120d2009 |||y0rusy50 ca
101 0# - ЯЗЫК РЕСУРСА
Язык текста, звукозаписи и т.д. русский
102 ## - СТРАНА ПУБЛИКАЦИИ ИЛИ ПРОИЗВОДСТВА
Страна публикации Российская Федерация
105 ## - ПОЛЕ КОДИРОВАННЫХ ДАННЫХ: ТЕКСТОВЫЕ МАТЕРИАЛЫ, МОНОГРАФИЧЕСКИЕ
Кодированные данные о монографическом текстовом документе a |||||||||
200 1# - ЗАГЛАВИЕ И СВЕДЕНИЯ ОБ ОТВЕТСТВЕННОСТИ
Основное заглавие Николай Никитович Пузырев
Сведения, относящиеся к заглавию он долго был с нами
Первые сведения об ответственности Российская акад. наук, Сибирское отд-ние, Ин-т нефтегазовой геологии и геофизики им. А. А. Трофимука
Последующие сведения об ответственности [авт.-сост.: к.т.н. В. А. Куликов]
-- отв. ред. акад.М. И. Эпов, акад. А. Э. Конторович
210 ## - ПУБЛИКАЦИЯ, РАСПРОСТРАНЕНИЕ И ДР.
Место издания, распространения и т.д. Новосибирск
Имя издателя, распространителя и т. д. Параллель
Дата издания, распространения и т.д. 2009
215 ## - ФИЗИЧЕСКАЯ ХАРАКТЕРИСТИКА
Специфическое обозначение материала и объем 200 с., [1] л. портр.
Другие сведения о физической характеристике ил., цв. ил., портр., факс.
Размеры 25
225 1# - СЕРИЯ
Основное заглавие серии Наука Сибири в лицах
Сведения об ответственности гл. ред. А.П. Деревянко
320 ## - ПРИМЕЧАНИЯ О НАЛИЧИИ В ДОКУМЕНТЕ БИБЛИОГРАФИИ / УКАЗАТЕЛЯ
Текст примечания Хронол. указ. трудов Н. Н. Пузырева, 1940-2001: с. 154-176
600 #1 - ИМЯ ЛИЦА КАК ПРЕДМЕТ
Начальный элемент ввода Пузырев
Часть имени, кроме начального элемента ввода Н.Н.
Даты 1914 - 2005
Расширение инициалов личного имени Николай Никитович
Системный номер авторитетной/нормативной записи 2113766
Идентификатор авторитетной/нормативной записи RU\NLR\auth\661277172
686 ## - ИНДЕКСЫ ДРУГИХ КЛАССИФИКАЦИЙ
Индекс Д21д(2)ПузыревН.Н.я43
Код системы
686 ## - ИНДЕКСЫ ДРУГИХ КЛАССИФИКАЦИЙ
Индекс Д2д(2)Пузырев,Н.Н.
Издание LBC/SL
Код системы
686 ## - ИНДЕКСЫ ДРУГИХ КЛАССИФИКАЦИЙ
Индекс 37.01
Код системы
686 ## - ИНДЕКСЫ ДРУГИХ КЛАССИФИКАЦИЙ
Индекс Д44д(2)Пузырев
702 #1 - ИМЯ ЛИЦА - ВТОРИЧНАЯ ОТВЕТСТВЕННОСТЬ
Начальный элемент ввода Куликов
Часть имени, кроме начального элемента ввода В. А.
Код отношения Составитель
702 #1 - ИМЯ ЛИЦА - ВТОРИЧНАЯ ОТВЕТСТВЕННОСТЬ
Код отношения Редактор
Материалы, к которым относится поле rus
Графика поля Кириллица
Начальный элемент ввода Эпов
Часть имени, кроме начального элемента ввода М. И.
Даты 1950-
Расширение инициалов личного имени Михаил Иванович
Идентификатор авторитетной/нормативной записи RU\NLR\AUTH\7737328
Системный номер авторитетной/нормативной записи 20317
702 #1 - ИМЯ ЛИЦА - ВТОРИЧНАЯ ОТВЕТСТВЕННОСТЬ
Код отношения Прочие
Материалы, к которым относится поле rus
Графика поля Кириллица
Начальный элемент ввода Пузырев
Часть имени, кроме начального элемента ввода Н. Н.
Даты 1914-2005
Расширение инициалов личного имени Николай Никитович
Идентификатор авторитетной/нормативной записи RU\NLR\auth\7786626
Системный номер авторитетной/нормативной записи 69554
712 02 - НАИМЕНОВАНИЕ ОРГАНИЗАЦИИ - ВТОРИЧНАЯ ОТВЕТСТВЕННОСТЬ
Код отношения Прочие
Начальный элемент ввода Институт нефтегазовой геологии и геофизики им. А. А. Трофимука
Идентифицирующий признак Новосибирск
Идентификатор авторитетной/нормативной записи RU\NLR\AUTH\8810113204
Системный номер авторитетной/нормативной записи 726005
801 #0 - ИСТОЧНИК ЗАПИСИ
Страна Российская Федерация
Организация РГБ
Дата составления 20091120
Правила каталогизации rcr
801 #1 - ИСТОЧНИК ЗАПИСИ
Страна Российская Федерация
Организация РГБ
Дата составления 20091120
801 #2 - ИСТОЧНИК ЗАПИСИ
Страна Российская Федерация
Организация ГПНТБ СО РАН
Дата составления 20050126
Правила каталогизации PSBO
801 #2 - ИСТОЧНИК ЗАПИСИ
Страна Российская Федерация
Организация ГПНТБ СО РАН
Дата составления 20100802
801 #2 - ИСТОЧНИК ЗАПИСИ
Страна Российская Федерация
Организация NLR
Дата составления 20100125
Правила каталогизации rcr
942 ## - ДОПОЛНИТЕЛЬНЫЕ ЭЛЕМЕНТЫ ЗАПИСИ (АБИС)
Тип экземпляра АБИС Книга
980 ## - КОЛЛЕКЦИЯ
Название коллекции Национальная библиография
Экземпляры
Тип экземпляра Дата поступления Источник поступления Библиотека постоянного хранения Библиотека текущего хранения Место хранения Шифр хранения Штрих-код Статус экземпляра
Книга 25.01.2010 Обязательный экземпляр РНБ (Московский) РНБ (Московский) Русский книжный фонд: издания с 1957 года 2010-7/317 3086962  
Книга 25.01.2010 Обязательный экземпляр РНБ (Московский) РНБ (Московский) Русский книжный фонд: издания с 1957 года 2010-7/317 3086967